Dirección y motivación de las redes de distribución comercial: cómo alcanzar los mejores resultados de nuestros agentes y distribuidores
Guardat en:
| Autor principal: | |
|---|---|
| Format: | Llibre |
| Idioma: | espanyol |
| Publicat: |
Barcelona
Folio S. A
1994
|
| Edició: | 1a. ed |
| Col·lecció: | Biblioteca de Empresa, 7
|
| Matèries: | |
| Etiquetes: |
Afegir etiqueta
Sense etiquetes, Sigues el primer a etiquetar aquest registre!
|
MARC
| LEADER | 00000cam a2200000 a 4500 | ||
|---|---|---|---|
| 001 | UCD9013 | ||
| 003 | CL-VaPUC | ||
| 008 | 170602e19940000sp |||||||||||||||||spa|d | ||
| 020 | |a 8475836127 | ||
| 082 | 0 | 4 | |a 658.8 |b IYE |2 21 |
| 100 | 0 | |a Iyer, Vinoo |e author |9 592670 | |
| 245 | 1 | 0 | |a Dirección y motivación de las redes de distribución comercial: cómo alcanzar los mejores resultados de nuestros agentes y distribuidores |
| 250 | |a 1a. ed | ||
| 300 | |a 353 p | ||
| 942 | |c BK | ||
| 945 | |d 20170602 23:29:00 |a dcastane | ||
| 260 | |a Barcelona |b Folio S. A |c 1994 | ||
| 650 | 0 | |a Marketing |9 259324 | |
| 650 | 7 | |a DISTRIBUCIONES |2 CL-VaPUC |9 373791 | |
| 650 | 0 | |a Agentes comerciales |9 391845 | |
| 650 | 0 | |a Relaciones interpersonales |9 307056 | |
| 583 | |a last modification |c 20170602 23:29:00 |k Rodrigo Vera | ||
| 490 | 0 | |a Biblioteca de Empresa, 7 | |
| 999 | |c 368318 |d 368316 | ||